书目信息 |
| 题名: |
绿色教育五年研究
|
|
| 作者: | 叶向红 著 | |
| 分册: | ||
| 出版信息: | 北京 北京师范大学出版社 2016 |
|
| 页数: | 367页 | |
| 开本: | 24cm | |
| 丛书名: | ||
| 单 册: | ||
| 中图分类: | G639.21 | |
| 科图分类: | ||
| 主题词: | 基础教育--ji chu jiao yu--教育改革--研究--中国 | |
| 电子资源: | ||
| ISBN: | 978-7-303-20918-7 | |
| 000 | 00997nam0 22002411 450 | |
| 001 | 387805 | |
| 005 | 20170502165546.0 | |
| 010 | @a978-7-303-20918-7@dCNY48.00 | |
| 100 | @a20161026d2016 em y0chiy50 ea | |
| 101 | 0 | @achi |
| 102 | @aCN@b110000 | |
| 105 | @aa z 000yy | |
| 106 | @ar | |
| 200 | 1 | @a绿色教育五年研究@9lv se jiao yu wu nian yan jiu@e理念、行动与反思@f叶向红著 |
| 210 | @a北京@c北京师范大学出版社@d2016 | |
| 215 | @a367页@c图@d24cm | |
| 330 | @a本书是作者对石景山区开展绿色教育行动研究的理论总结与实践反思,针对当前基础教育面临的真实问题,借鉴、归纳国内外绿色教育理论,对绿色教育的理念进行了深入的理论探讨,在总结五年来石景山区绿色教育行动研究的基础上,对绿色教育的理论和实践进行了学理性的反思。 | |
| 517 | 1 | @a理念、行动与反思@9li nian hang dong yu fan si |
| 606 | 0 | @a基础教育@9ji chu jiao yu@x教育改革@x研究@y中国 |
| 690 | @aG639.21@v5 | |
| 701 | 0 | @a叶向红@9ye xiang hong@c(女,@f1971~)@4著 |
| 801 | 0 | @aCN@b百万庄@c20170308 |
| 905 | @b1004092-7@dG639.21@e1219@f6 | |
| 绿色教育五年研究:理念、行动与反思/叶向红著 .-北京:北京师范大学出版社,2016 |
| 367页:图;24cm |
| ISBN 978-7-303-20918-7:CNY48.00 |
| 本书是作者对石景山区开展绿色教育行动研究的理论总结与实践反思,针对当前基础教育面临的真实问题,借鉴、归纳国内外绿色教育理论,对绿色教育的理念进行了深入的理论探讨,在总结五年来石景山区绿色教育行动研究的基础上,对绿色教育的理论和实践进行了学理性的反思。 |
| ● |
| 相关链接 |
|
|
|
|
正题名:绿色教育五年研究
索取号:G639.21/1219
 
预约/预借
| 序号 | 登录号 | 条形码 | 馆藏地/架位号 | 状态 | 备注 |
| 1 | 1004092 | 210040926 | 第一样本阅览室/ [索取号:G639.21/1219] | 在馆 | |
| 2 | 1004093 | 210040935 | 教育系资料室/ [索取号:G639.21/1219] | 在馆 | |
| 3 | 1004094 | 210040944 | 教育系资料室/ [索取号:G639.21/1219] | 在馆 | |
| 4 | 1004095 | 210040953 | 教育系资料室/ [索取号:G639.21/1219] | 在馆 | |
| 5 | 1004096 | 210040962 | 第四借阅区/ [索取号:G639.21/1219] | 在馆 | |
| 6 | 1004097 | 210040971 | 第四借阅区/ [索取号:G639.21/1219] | 在馆 |